| 000 | 01102cam a2200253 i 4500 | ||
|---|---|---|---|
| 003 | SA-RiAUC | ||
| 005 | 20250420101518.0 | ||
| 008 | 250320s1993 su g 00010 ara c | ||
| 040 |
_aSA-RiAUC _bara _cSA-RiAUC _erda |
||
| 050 | 4 | _bA28 1993 | |
| 082 | 0 | 4 |
_a214.327 _qSA-RiAUC |
| 090 |
_a214.327 _b ا ب و س |
||
| 100 | 1 |
_aأبو سليمان، عبد الحميد أحمد، _d1355-1443 هجري _eمؤلف. |
|
| 245 | 1 | 2 |
_aالنظرية الإسلامية للعلاقات الدولية / _cعبد الحميد أحمد أبو سليمان ؛ ترجمة ناصر أحمد المرشد البريك. |
| 264 | 1 |
_aالرياض : _b[الناشر غير محدد]، _c1993 |
|
| 300 |
_a323 صفحة ؛ _c24 سم |
||
| 336 |
_aنص _btxt _2rdacontent _3كتاب |
||
| 337 |
_aبدون وسيط _bn _2rdamedia |
||
| 338 |
_aمجلد _bnc _2rdacarrier |
||
| 650 | 7 |
_aالإسلام والعلاقات الخارجية _2aucsh |
|
| 700 | 1 |
_aالبريك، ناصر أحمد مرشد، _d1353 هجري- _eمترجم. |
|
| 942 |
_2ddc _cBOOK _n0 |
||
| 949 |
_aSA-JeALM _d250320 _umohamedma123 _n1 |
||
| 999 |
_c6556 _d6556 |
||